| 000 | 00547nam a2200181Ia 4500 | ||
|---|---|---|---|
| 999 |
_c28981 _d28981 |
||
| 003 | OSt | ||
| 005 | 20250917145314.0 | ||
| 008 | 250310s9999||||xx |||||||||||||| ||und|| | ||
| 040 | _c. | ||
| 082 |
_a623.87 _bJ124 |
||
| 100 |
_91242 _aJackson, Leslie |
||
| 245 | 0 |
_aReed's General engineering knowledge for marine engineers, Vol.8 / _cby Leslie Jackson and Thomas D.Morton |
|
| 260 |
_aLondon : _bThomas Reed Publication ltd, _c1966. |
||
| 300 | _a239 p. | ||
| 650 | 0 |
_92 _aMarine Engineering |
|
| 700 |
_9932 _aMorton, Thomas D. |
||
| 942 |
_cBK _2ddc |
||